LEADER 01199nam a2200265 i 4500 001 000000242136 003 CaOOAMICUS 005 20150601000000.0 008 150601s2011 it u000 u ita u 013 $a221041 020 $a978-88-8123-693-0 040 $aSeMil$bita 100 1 $aTettamanzi, Dionigi,$c.$0(OLS)http://semarc/name/89456 245 10$aIncontro a Cristo :$bin cammino con san Carlo Borromeo : catechesi /$cDionigi Tettamanzi. 260 $aMilano :$bIn Dialogo,$c2011. 300 $a139 p. ;$c21 cm. 490 0 $aUomini e Parola ;$v10 650 4$aTettamanzi, Dionigi - Pastorale.$0(OLS)http://semarc/subject/30981 830 0$aUomini e Parola ;$v10.$0(OLS)http://semarc/title/19782 850 $aSeMil 852 $aSeMil$W1$xVenegono$y1$m2F III 324$j192482$B192482$CSeMilBibl$Z2$F203379 $81 961 $aOmaggio: Centro Ambrosiano di Documentazione e Studi Rel. 996 $6020$a978-88-8123-693-0$9(OLS)http://semarc/number/249214 996 $6245$aIncontro a Cristo :$bin cammino con san Carlo Borromeo : catechesi$9(OLS)http://semarc/title/343917 996 $6260$aMilano :$bIn Dialogo$9(OLS)http://semarc/publisher/31663 LEADER 00694nab a2200145 i 4500 001 000000313452 003 CaOOAMICUS 005 20180831173112.0 008 180831n xx uu u0 0und r 013 $a22542 040 $aSeMil$bita 100 1 $aCaldirola, Pietro.$0(OLS)http://semarc/name/88496 245 13$aLe Religioni della preistoria: Storia della preistoria; L?uomo Neanderthaliano; Religione Cromagnarda; Il Neolitico; La preistoria e la Bibbia. 773 0 $t[Luglio-Dicembre].$g253-269, 321-33$w()274231 996 $6245$aLe Religioni della preistoria: Storia della preistoria; L?uomo Neanderthaliano; Religione Cromagnarda; Il Neolitico; La preistoria e la Bibbia$9(OLS)http://semarc/title/387720